000
00327nam a2200145 a 4500
008
000927s1979||||xx 0 und c
040
_a
SNK
_b
slo
_c
SNK
_e
AACR2
100
1
_a
Marx, Karol
245
1
0
_a
Kapitál 1.
260
_a
Bratislava
_b
Pravda
_c
1979
300
_a
541 s.
020
_c
34
041
_a
slo
044
_a
xo
_c
SK
999
_c
15480
_d
15480